| 000 | 00650cam a2200193 a 4500 | ||
|---|---|---|---|
| 001 | 000007777 | ||
| 005 | 20200929154309.0 | ||
| 008 | 810505s1970 ve b 001 e spa | ||
| 040 |
_aDO-SdBNP _bspa _cBNPHU |
||
| 082 |
_aVe863.09 _bN322n |
||
| 100 | 1 |
_aNavarro, Armando, _d1942- _921478 |
|
| 245 | 1 | 0 |
_aNarradores venezolanos de la nueva generación : _bensayo / _cArmando Navarro. |
| 260 |
_aCaracas : _bMonte Avila, _c1970. |
||
| 300 |
_a175 p. ; _c19 cm. |
||
| 504 | _aBibliografía: p. 173-175. | ||
| 650 | 4 |
_aEnsayos venezolanos _94376 |
|
| 650 | 4 |
_aLiteratura venezolana _93816 |
|
| 650 | 4 |
_aFicción venezolana _zSiglo Xx _xHistoria y crítica _921479 |
|
| 999 |
_c7555 _d7555 |
||